MAPEH 8: (Record no. 7959)

MARC details
000 -LEADER
fixed length control field 01017nam a22002657a 4500
003 - CONTROL NUMBER IDENTIFIER
control field OSt
005 - DATE AND TIME OF LATEST TRANSACTION
control field 20260129043904.0
008 - FIXED-LENGTH DATA ELEMENTS--GENERAL INFORMATION
fixed length control field 260129b |||||||| |||| 00| 0 eng d
020 ## - INTERNATIONAL STANDARD BOOK NUMBER
International Standard Book Number 9786214120789
040 ## - CATALOGING SOURCE
Original cataloging agency DWCL - Main Lib.
Transcribing agency OC
082 ## - DEWEY DECIMAL CLASSIFICATION NUMBER
Classification number Fil. 700 M297v 2019
100 ## - MAIN ENTRY--PERSONAL NAME
Personal name Perez, Vilma V.
Relator term Author
245 ## - TITLE STATEMENT
Title MAPEH 8:
Remainder of title music, arts, physical education, health/
Statement of responsibility, etc. Vilma V. Perez [and four others]
260 ## - PUBLICATION, DISTRIBUTION, ETC.
Place of publication, distribution, etc. Quezon City, Philippines;
Name of publisher, distributor, etc. St. Bernadette Publishing House,
Date of publication, distribution, etc. c2019.
300 ## - PHYSICAL DESCRIPTION
Extent xii, 334 pages:
Other physical details colored illustration;
Dimensions 25cm.
650 ## - SUBJECT ADDED ENTRY--TOPICAL TERM
Topical term or geographic name entry element 1. Music -- Study and teaching (Secondary).
650 ## - SUBJECT ADDED ENTRY--TOPICAL TERM
Topical term or geographic name entry element 2. Art -- Study and teaching (Secondary).
650 ## - SUBJECT ADDED ENTRY--TOPICAL TERM
Topical term or geographic name entry element 3. Physical fitness -- Study and teaching (Secondary).
650 ## - SUBJECT ADDED ENTRY--TOPICAL TERM
Topical term or geographic name entry element 4. Health -- Study and teaching (Secondary).
700 ## - ADDED ENTRY--PERSONAL NAME
Personal name 1. Gineta, Josie Jordan D.
700 ## - ADDED ENTRY--PERSONAL NAME
Personal name 2. Francisco, John Jerry Heriberto A.
700 ## - ADDED ENTRY--PERSONAL NAME
Personal name 3. Villareal, Edmund G.
700 ## - ADDED ENTRY--PERSONAL NAME
Personal name 4. Tomas, Cristanto E.
942 ## - ADDED ENTRY ELEMENTS (KOHA)
Source of classification or shelving scheme Dewey Decimal Classification
Koha item type Book-Filipiniana
Classification part Fil.
Suppress in OPAC No
952 ## - LOCATION AND ITEM INFORMATION (KOHA)
--
Holdings
Withdrawn status Lost status Source of classification or shelving scheme Damaged status Not for loan Home library Current library Shelving location Date acquired Total Checkouts Full call number Barcode Date last seen Copy number Price effective from Koha item type Uniform Resource Identifier
    Dewey Decimal Classification     Junior High School Library Junior High School Library Filipiniana 01/29/2026   Fil. 700 M297 2019 JHS - 20924 01/29/2026 c1 01/29/2026 BK - FIL